| Tag |
First Indicator |
Second Indicator |
Subfields |
| LEADER |
00000cam a2200000 a 4500 |
| 001 |
in00000085335 |
| 005 |
20151008055838.0 |
| 008 |
800613s1979 enkab b 10000 engm |
| 010 |
|
|
|a 80480799
|
| 015 |
|
|
|a GB79-34921
|
| 020 |
|
|
|a 0852984316 (pbk.) :
|c 13.00
|
| 035 |
|
|
|a (OCoLC)06490455
|
| 035 |
|
|
|9 AAJ4537AM
|
| 040 |
|
|
|a DLC
|c DLC
|d m.c.
|d TXA
|d UtOrBLW
|
| 049 |
|
|
|a TXAM
|c [933182]
|
| 050 |
0 |
0 |
|a TJ403
|b .C66
|
| 082 |
0 |
|
|a 621.31/2132
|
| 245 |
0 |
0 |
|a Cooling with sea water :
|b conference sponsored [as printed] by the Process Engineering Group and the Steam Plant Group of the Institution of Mechanical Engineers, London, 15-16 May 1979.
|
| 264 |
|
1 |
|a London :
|b Mechanical Engineering Publications for the Institution of Mechanical Engineers,
|c 1979.
|
| 300 |
|
|
|a 130 pages :
|b illustrations, map ;
|c 30 cm.
|
| 336 |
|
|
|a text
|b txt
|2 rdacontent
|
| 337 |
|
|
|a unmediated
|b n
|2 rdamedia
|
| 338 |
|
|
|a volume
|b nc
|2 rdacarrier
|
| 490 |
1 |
|
|a I Mech E conference publications ;
|v 1979-6
|
| 504 |
|
|
|a Includes bibliographical references.
|
| 650 |
|
0 |
|a Steam power plants
|x Cooling
|x Congresses.
|
| 650 |
|
0 |
|a Seawater
|x Congresses.
|
| 710 |
2 |
|
|a Institution of Mechanical Engineers (Great Britain).
|b Process Engineering Group.
|
| 710 |
2 |
|
|a Institution of Mechanical Engineers (Great Britain).
|b Steam Plant Group.
|
| 830 |
|
0 |
|a I Mech E conference publications ;
|v 1979-6.
|
| 999 |
|
|
|a MARS
|
| 999 |
f |
f |
|s 65558d61-8bdc-3f41-9fb7-8a471341813c
|i 13f695bd-e531-34e9-91f9-0066c8706ce0
|t 0
|
| 952 |
f |
f |
|p ric
|a Texas A&M University
|b Rellis Campus
|c Joint Library Facility
|d Remote Storage
|t 0
|e TJ403 .C66
|h Library of Congress classification
|i unmediated -- volume
|m A14806249552
|
| 998 |
f |
f |
|a TJ403 .C66
|t 0
|l Remote Storage
|